[Event "55th World U20 ch"]
[Site "Bhubaneswar IND"]
[Date "2016.08.14"]
[Round "7.4"]
[White "Narayanan, Sunilduth Lyna"]
[Black "Svane, Rasmus"]
[Result "1/2-1/2"]
[WhiteElo "2515"]
[BlackElo "2546"]
[EventDate "2016.08.08"]
[PlyCount "71"]

1.d4 Nf6 2.c4 e6 3.Nf3 d5 4.Nc3 c6 5.e3 Nbd7 6.Be2 Bd6 7.O-O O-O 8.Qc2 b6 
9.a4 Bb7 10.Rd1 Bb4 11.Na2 Bd6 12.a5 Qc8 13.Bd2 dxc4 14.Qxc4 bxa5 15.Bxa5 
c5 16.Nc3 cxd4 17.Qxd4 Bc5 18.Qf4 Qb8 19.Bc7 Qc8 20.Ba5 Qb8 21.Qa4 Ne5 22.
Nxe5 Qxe5 23.Qh4 Rab8 24.Qg3 Qxg3 25.hxg3 Bc6 26.Ra2 Rb7 27.Ba6 Rbb8 28.
Be2 Rb7 29.Ba6 Rbb8 30.Bc7 Rb4 31.Bd6 Bxd6 32.Rxd6 Bd5 33.Nxd5 Nxd5 34.Be2
g6 35.Bf3 Nf6 36.Rd2 1/2-1/2

[Event "55th World U20 ch"]
[Site "Bhubaneswar IND"]
[Date "2016.08.14"]
[Round "7.5"]
[White "Aravindh, Chithambaram"]
[Black "Mosadeghpour, Masoud"]
[Result "1/2-1/2"]
[WhiteElo "2543"]
[BlackElo "2437"]
[EventDate "2016.08.08"]
[PlyCount "100"]

1.c4 Nf6 2.Nc3 d5 3.cxd5 Nxd5 4.g3 g6 5.Bg2 c6 6.h4 Nxc3 7.bxc3 Qa5 8.h5 
Bg7 9.Nf3 Be6 10.Rb1 b6 11.a4 Ba2 12.Rb4 Na6 13.Nd4 Nxb4 14.cxb4 Qxb4 15.
Bxc6+ Kd8 16.Nc2 Qc4 17.Bxa8 Bb3 18.Rh4 Qxc2 19.Qxc2 Bxc2 20.Bd5 e6 21.Ba2
Kd7 22.d3 Rc8 23.Kd2 g5 24.Re4 a6 25.h6 Bh8 26.f4 gxf4 27.Rxf4 f5 28.e4 
Be5 29.Rf1 Bxa4 30.Ke3 Bxg3 31.exf5 exf5 32.Bc4 f4+ 33.Kd4 b5 34.Bd5 Rf8 
35.Be4 Rf7 36.Kc5 Kc7 37.Bb2 Bb3 38.Be5+ Kd7 39.Bg7 Bh4 40.Bxh7 Bf6 41.Bg6
Bxg7 42.Bxf7 Bf8+ 43.Kb6 Bxf7 44.Rxf4 Ke6 45.Rh4 Bg6 46.h7 Bg7 47.d4 Bxh7 
48.Rxh7 Bxd4+ 49.Kxa6 b4 50.Kb5 Ke5 1/2-1/2

[Event "55th World U20 ch"]
[Site "Bhubaneswar IND"]
[Date "2016.08.14"]
[Round "7.6"]
[White "Akash, Ganesan"]
[Black "Maghsoodloo, Parham"]
[Result "0-1"]
[WhiteElo "2400"]
[BlackElo "2576"]
[EventDate "2016.08.08"]
[PlyCount "80"]

1.b3 e5 2.Bb2 Nc6 3.e3 Nf6 4.Bb5 Bd6 5.Na3 Be7 6.Ne2 O-O 7.O-O d5 8.f4 e4 
9.Ng3 a6 10.Be2 d4 11.Nc4 Bc5 12.Kh1 Re8 13.a4 Rb8 14.a5 Qd5 15.d3 exd3 
16.Bxd3 Bg4 17.Be2 Bxe2 18.Qxe2 Rbd8 19.Rad1 Qe6 20.Nh5 Ne4 21.f5 Qh6 22.
Qg4 g6 23.Qxe4 Rxe4 24.Nf6+ Kf8 25.Nxe4 Ba7 26.exd4 Bxd4 27.Bc1 Qh5 28.
fxg6 hxg6 29.Bg5 Rd5 30.h4 Rxg5 31.Nxg5 Qxh4+ 32.Nh3 g5 33.c3 Bc5 34.Rd5 
Be7 35.Kg1 Kg8 36.Rdf5 g4 37.Nf4 Bg5 38.Ne5 Bxf4 39.R1xf4 Qe1+ 40.Rf1 Qe3+
0-1

[Event "55th World U20 ch"]
[Site "Bhubaneswar IND"]
[Date "2016.08.14"]
[Round "7.7"]
[White "Gagare, Shardul"]
[Black "Beukema, Stefan"]
[Result "1/2-1/2"]
[WhiteElo "2486"]
[BlackElo "2380"]
[EventDate "2016.08.08"]
[PlyCount "74"]

1.d4 f5 2.g3 Nf6 3.Bg2 g6 4.Nf3 Bg7 5.O-O O-O 6.b3 d6 7.Bb2 Qe8 8.Nbd2 Nc6
9.c4 e5 10.e3 e4 11.Ne1 d5 12.Nc2 Be6 13.Qe2 a5 14.f3 Nb4 15.Nxb4 axb4 16.
a3 Qe7 17.c5 bxa3 18.Bxa3 exf3 19.Nxf3 c6 20.Bb2 Ne4 21.b4 b5 22.Qd3 Qb7 
23.Qb3 g5 24.Rfe1 Rxa1 25.Rxa1 Ra8 26.Ra3 g4 27.Ne1 Nd2 28.Rxa8+ Qxa8 29.
Qa3 Qe8 30.Bc1 Nc4 31.Qc3 Qa8 32.Nd3 Qa4 33.Nf4 Bf7 34.Bf1 Qd1 35.Kg2 Qf3+
36.Kg1 Qd1 37.Kg2 Qf3+ 1/2-1/2

[Event "55th World U20 ch"]
[Site "Bhubaneswar IND"]
[Date "2016.08.14"]
[Round "7.8"]
[White "Praggnanandhaa, R."]
[Black "Xu Yi"]
[Result "1/2-1/2"]
[WhiteElo "2429"]
[BlackElo "2371"]
[EventDate "2016.08.08"]
[PlyCount "63"]

1.Nf3 Nf6 2.g3 d5 3.Bg2 e6 4.b3 Be7 5.Bb2 O-O 6.O-O b6 7.c4 Bb7 8.cxd5 
Nxd5 9.d4 c5 10.Nbd2 cxd4 11.Nxd4 Nd7 12.Nc4 Qb8 13.Rc1 Rd8 14.a3 Bf6 15.
e4 Ne7 16.Qh5 Ng6 17.b4 Nde5 18.Nxe5 Qxe5 19.Qxe5 Nxe5 20.Rfd1 Rac8 21.
Rxc8 Bxc8 22.Rb1 Bb7 23.Ba1 Nc4 24.e5 Bxe5 25.Nxe6 fxe6 26.Bxb7 Nxa3 27.
Re1 Bxa1 28.Rxa1 Nc2 29.Rxa7 Nxb4 30.Be4 Nd5 31.Rb7 Nf6 32.Bc6 1/2-1/2

[Event "55th World U20 ch"]
[Site "Bhubaneswar IND"]
[Date "2016.08.14"]
[Round "7.9"]
[White "Ivekovic, Bozidar"]
[Black "Mousavi, Seyed Khalil"]
[Result "1/2-1/2"]
[WhiteElo "2351"]
[BlackElo "2422"]
[EventDate "2016.08.08"]
[PlyCount "101"]

1.d4 Nf6 2.c4 g6 3.Nc3 d5 4.Qb3 dxc4 5.Qxc4 Bg7 6.Nf3 O-O 7.Bf4 c6 8.e3 
Be6 9.Qb4 b5 10.Bxb8 Rxb8 11.Be2 Nd5 12.Nxd5 Bxd5 13.O-O a5 14.Qc5 Qd6 15.
Rfc1 Rfd8 16.h3 h6 17.b3 a4 18.Bd1 Ra8 19.Rab1 Be4 20.Rb2 a3 21.Rd2 Qe6 
22.Be2 Qd6 23.Rdd1 Bd5 24.Qc2 Rac8 25.Qb1 f5 26.Qc2 Kh7 27.Qc5 Ra8 28.Qb6 
f4 29.exf4 Qxf4 30.Rc3 Qd6 31.Re3 e6 32.Qb7 Qf4 33.Bd3 Rf8 34.Rf1 c5 35.
Qxb5 cxd4 36.Ree1 Rad8 37.Nh2 Qg5 38.Be4 Bxe4 39.Qxg5 hxg5 40.Rxe4 e5 41.
Nf3 Bf6 42.Nd2 d3 43.Nc4 Rd5 44.Rd1 Rfd8 45.Nxa3 Ra5 46.Nc4 Rxa2 47.Re3 e4
48.Rxe4 Bd4 49.Nd2 Rb2 50.Kf1 Rd7 51.f3 1/2-1/2

[Event "55th World U20 ch"]
[Site "Bhubaneswar IND"]
[Date "2016.08.14"]
[Round "7.10"]
[White "Menezes, Christoph"]
[Black "Yuan Qingyu"]
[Result "1-0"]
[WhiteElo "2408"]
[BlackElo "2366"]
[EventDate "2016.08.08"]
[PlyCount "61"]

1.Nf3 Nf6 2.c4 b6 3.g3 e6 4.Bg2 Bb7 5.O-O Be7 6.b3 O-O 7.Bb2 d5 8.e3 c5 9.
Nc3 dxc4 10.bxc4 Nc6 11.Qe2 Rc8 12.Rfd1 Qc7 13.Rac1 Qb8 14.Ne1 Na5 15.f4 
Bxg2 16.Nxg2 Rfd8 17.g4 Qb7 18.d3 Ne8 19.f5 Nd6 20.Rf1 b5 21.cxb5 c4 22.
fxe6 cxd3 23.Qxd3 Ndc4 24.exf7+ Kh8 25.Qf5 Nxb2 26.Nf4 Nbc4 27.Ncd5 Bf8 
28.Nf6 gxf6 29.Qxf6+ Bg7 30.Ng6+ hxg6 31.Qh4+ 1-0

[Event "55th World U20 ch"]
[Site "Bhubaneswar IND"]
[Date "2016.08.14"]
[Round "7.11"]
[White "Wagner, Dennis"]
[Black "Visakh, N. R."]
[Result "1/2-1/2"]
[WhiteElo "2572"]
[BlackElo "2431"]
[EventDate "2016.08.08"]
[PlyCount "66"]

1.e4 e5 2.Nf3 Nc6 3.Bb5 a6 4.Ba4 d6 5.O-O Bd7 6.d4 Nxd4 7.Bxd7+ Qxd7 8.
Nxd4 exd4 9.Qxd4 Nf6 10.Nc3 Be7 11.Bf4 O-O 12.Rad1 Qg4 13.Bg3 Rfe8 14.Rfe1
Qg6 15.Qc4 Rac8 16.h3 Bf8 17.a4 Re6 18.Re3 c6 19.Qd3 Rce8 20.Rde1 d5 21.
exd5 Qxd3 22.cxd3 Rxe3 23.Rxe3 Rxe3 24.fxe3 Nxd5 25.Nxd5 cxd5 26.e4 dxe4 
27.dxe4 f6 28.Kf2 Kf7 29.Ke3 Bc5+ 30.Kd3 b5 31.axb5 axb5 32.Be1 Ke6 33.g4 
Ke5 1/2-1/2

[Event "55th World U20 ch"]
[Site "Bhubaneswar IND"]
[Date "2016.08.14"]
[Round "7.12"]
[White "Bersamina, Paulo"]
[Black "Henriquez Villagra, Cristobal"]
[Result "1/2-1/2"]
[WhiteElo "2402"]
[BlackElo "2520"]
[EventDate "2016.08.08"]
[PlyCount "116"]

1.e4 c5 2.Nc3 d6 3.f4 g6 4.Nf3 Bg7 5.Bb5+ Bd7 6.Bxd7+ Qxd7 7.O-O Nc6 8.d3 
e6 9.f5 exf5 10.exf5 gxf5 11.Nd5 Nge7 12.Nxe7 Nxe7 13.Rb1 O-O-O 14.Bd2 Ng6
15.Ng5 h6 16.Nh3 Ne7 17.Qh5 Rdg8 18.Qxf7 Bd4+ 19.Kh1 Rg7 20.Qh5 Rhg8 21.
Nf4 Be5 22.Qf3 Qa4 23.Bc3 Rg4 24.Bxe5 dxe5 25.Nd5 Nxd5 26.Qxd5 Rxg2 27.c4 
Qc2 28.Qxc5+ Kb8 29.Qxe5+ Ka8 30.Rbe1 a6 31.b3 Qxd3 32.Qe8+ Ka7 33.Qe3+ 
Qxe3 34.Rxe3 Rxa2 35.h3 Rg5 36.Rf4 Ra1+ 37.Kh2 Ra2+ 38.Kh1 Rag2 39.h4 Rg1+
40.Kh2 R5g2+ 41.Kh3 Rg6 42.Kh2 R1g4 43.Rxg4 Rxg4 44.Kh3 Rg6 45.Rf3 Rf6 46.
h5 a5 47.Kg3 Rf8 48.Kf4 Rg8 49.Ke5 b6 50.Kxf5 Rg5+ 51.Ke6 Rxh5 52.Kd6 Rc5 
53.Rf7+ Ka6 54.Rf8 h5 55.Rh8 Kb7 56.Rh7+ Ka6 57.Rh8 Kb7 58.Rh7+ Ka6 
1/2-1/2

[Event "55th World U20 ch"]
[Site "Bhubaneswar IND"]
[Date "2016.08.14"]
[Round "7.14"]
[White "Harsha, Bharathakoti"]
[Black "Tran Tuan Minh"]
[Result "1/2-1/2"]
[WhiteElo "2344"]
[BlackElo "2473"]
[EventDate "2016.08.08"]
[PlyCount "150"]

1.e4 c5 2.Nf3 d6 3.Bb5+ Bd7 4.Bxd7+ Qxd7 5.c4 Nc6 6.d4 cxd4 7.Nxd4 Nf6 8.
Nc3 g6 9.f3 Bg7 10.Be3 O-O 11.O-O Rac8 12.b3 a6 13.a4 e6 14.Nxc6 Rxc6 15.
Rc1 Rfc8 16.Bd4 Qd8 17.Qd2 h5 18.Rfd1 Kh7 19.Qf2 Qa5 20.Qb2 Ne8 21.Bxg7 
Nxg7 22.Kh1 Qb4 23.Na2 Qc5 24.Qd2 Qe5 25.Nb4 Rb6 26.Nd3 Qd4 27.Qc2 Qe3 28.
a5 Rbc6 29.Qd2 Qxd2 30.Rxd2 Ne8 31.Rcd1 Kg7 32.Kg1 R6c7 33.Kf2 Kf6 34.f4 
Ke7 35.Kf3 f6 36.e5 dxe5 37.fxe5 g5 38.Nf2 fxe5 39.Ne4 Nf6 40.Nxf6 Kxf6 
41.Ke4 Ke7 42.Rd6 Rf8 43.Rb6 Rf4+ 44.Ke3 h4 45.Rdd6 Rf6 46.h3 Rc5 47.Rd2 
Rc7 48.Rdd6 Rc5 49.Rd3 Rc7 50.b4 Rf1 51.c5 Re1+ 52.Kf2 Rb1 53.Rdd6 Kf6 54.
Rxe6+ Kf5 55.Rf6+ Ke4 56.c6 bxc6 57.Rbxc6 Rb2+ 58.Kg1 Rxc6 59.Rxc6 Rxb4 
60.Rxa6 Ra4 61.Ra8 Ra1+ 62.Kh2 Ke3 63.Rg8 Rxa5 64.Rxg5 Rd5 65.Rh5 Kd3 66.
g3 Ke4 67.gxh4 Kf4 68.Rg5 Rd8 69.Rg7 Rd2+ 70.Rg2 Rd5 71.Ra2 e4 72.Kg2 Rd3 
73.Rf2+ Ke3 74.h5 Rd5 75.Ra2 Rg5+ 1/2-1/2

[Event "55th World U20 ch"]
[Site "Bhubaneswar IND"]
[Date "2016.08.14"]
[Round "7.15"]
[White "Dhulipalla, Bala Chandra Prasad"]
[Black "Gholami, Aryan"]
[Result "1/2-1/2"]
[WhiteElo "2276"]
[BlackElo "2461"]
[EventDate "2016.08.08"]
[PlyCount "66"]

1.d4 Nf6 2.Bf4 g6 3.e3 Bg7 4.Nf3 d5 5.Be2 O-O 6.O-O c5 7.c3 Nc6 8.Nbd2 Nd7
9.Qb3 c4 10.Qa3 b5 11.b3 Bb7 12.bxc4 bxc4 13.Rab1 Nb6 14.Rfe1 Qd7 15.Bf1 
Rfe8 16.e4 e6 17.Bd6 Bf8 18.Bxf8 Rxf8 19.exd5 exd5 20.Ne5 Nxe5 21.Rxe5 
Rfe8 22.Nf3 f6 23.Rxe8+ Qxe8 24.Re1 Qf8 25.Qa5 Qd6 26.g3 Bc6 27.Nd2 Kf7 
28.Bh3 Bd7 29.Bg2 Bc6 30.Nf1 Qd7 31.Ne3 Re8 32.Rb1 Re7 33.Bf3 Kg7 1/2-1/2

[Event "55th World U20 ch"]
[Site "Bhubaneswar IND"]
[Date "2016.08.14"]
[Round "7.16"]
[White "Beradze, Irakli"]
[Black "Grandadam, Patrik"]
[Result "1/2-1/2"]
[WhiteElo "2440"]
[BlackElo "2325"]
[EventDate "2016.08.08"]
[PlyCount "145"]

1.Nf3 d5 2.g3 Bg4 3.Bg2 Nd7 4.d3 e6 5.O-O Bd6 6.Nbd2 Ne7 7.c4 a5 8.h3 Bh5 
9.cxd5 exd5 10.e4 O-O 11.Re1 dxe4 12.dxe4 Nc6 13.g4 Bg6 14.Nb3 Bb4 15.Bd2 
Re8 16.Bxb4 axb4 17.Nfd4 Nxd4 18.Qxd4 Ne5 19.Qe3 Qd3 20.f4 Qxe3+ 21.Rxe3 
Nc4 22.Re2 f6 23.Nd4 Rad8 24.Nf5 Bxf5 25.gxf5 Rd4 26.Rc1 c6 27.b3 Nd6 28.
Bf3 Kf8 29.Rce1 Nb5 30.Re3 Ra8 31.Bh5 Nc3 32.a4 Rad8 33.Kg2 Rd2+ 34.Kg3 
R8d3 35.Kh4 Rd4 36.Kg3 Rb2 37.e5 Nd5 38.Rf3 Rbd2 39.e6 R2d3 40.a5 Ne7 41.
Bg4 Rxf3+ 42.Kxf3 Rd5 43.Ra1 Nxf5 44.Bxf5 Rxf5 45.Ke4 Rd5 46.Ra4 f5+ 47.
Ke3 Rd6 48.Rxb4 Rxe6+ 49.Kf3 Re7 50.Rb6 Rd7 51.a6 bxa6 52.Rxc6 Rd3+ 53.Kg2
Rxb3 54.Rxa6 Rd3 55.Ra5 g6 56.Ra7 Kg8 57.Rb7 Rd8 58.Kg3 Rf8 59.h4 Rf7 60.
Rb8+ Kg7 61.h5 Rc7 62.hxg6 hxg6 63.Rb3 Rc1 64.Rb8 Rc3+ 65.Kg2 Rd3 66.Ra8 
Kf7 67.Ra6 Re3 68.Rb6 Re6 69.Rb7+ Kf6 70.Rb8 Ra6 71.Re8 Ra7 72.Kf3 Re7 73.
Rg8 1/2-1/2

[Event "55th World U20 ch"]
[Site "Bhubaneswar IND"]
[Date "2016.08.14"]
[Round "7.17"]
[White "Nihal, Sarin"]
[Black "Ivic, Velimir"]
[Result "1/2-1/2"]
[WhiteElo "2358"]
[BlackElo "2270"]
[EventDate "2016.08.08"]
[PlyCount "72"]

1.d4 Nf6 2.c4 g6 3.Nc3 Bg7 4.e4 d6 5.Nf3 O-O 6.Be2 e5 7.O-O Nc6 8.d5 Ne7 
9.Qc2 a5 10.Rd1 Nd7 11.Be3 h6 12.Nd2 f5 13.f3 f4 14.Bf2 g5 15.a3 Ng6 16.
Nb5 Rf7 17.b4 b6 18.c5 bxc5 19.bxc5 Nf6 20.cxd6 cxd6 21.Nc4 Bf8 22.Nb6 Rb8
23.Nxc8 Rxc8 24.Qd2 g4 25.Rac1 g3 26.hxg3 fxg3 27.Bxg3 Rxc1 28.Rxc1 Nh5 
29.Bf2 Ngf4 30.Kf1 Qg5 31.g4 Nf6 32.Rc7 Be7 33.Rc8+ Kh7 34.Rc7 Kg8 35.Rc8+
Kh7 36.Rc7 Kg8 1/2-1/2

[Event "55th World U20 ch"]
[Site "Bhubaneswar IND"]
[Date "2016.08.14"]
[Round "7.18"]
[White "Srijit, Paul"]
[Black "Studer, Noel"]
[Result "1/2-1/2"]
[WhiteElo "2217"]
[BlackElo "2477"]
[EventDate "2016.08.08"]
[PlyCount "100"]

1.e4 e6 2.d4 d5 3.Nc3 Nf6 4.e5 Nfd7 5.f4 c5 6.Nf3 Nc6 7.Be3 a6 8.Qd2 b5 9.
dxc5 Bxc5 10.Bd3 Qb6 11.Bf2 Bb7 12.O-O h6 13.Rae1 Bxf2+ 14.Rxf2 Nc5 15.f5 
O-O-O 16.Qf4 Rhf8 17.a3 b4 18.axb4 Qxb4 19.Qxb4 Nxb4 20.fxe6 fxe6 21.Bg6 
Bc6 22.Nd4 Rxf2 23.Kxf2 Be8 24.Bxe8 Rxe8 25.Ke3 Kd7 26.Rf1 Nc6 27.Nxc6 
Kxc6 28.Na2 Rb8 29.b4 Nd7 30.Kd4 Rf8 31.Rxf8 Nxf8 32.Nc3 Nd7 33.Ne2 g5 34.
c3 Kb5 35.h3 Nb8 36.Kd3 Nc6 37.Nd4+ Nxd4 38.Kxd4 Kc6 39.c4 dxc4 40.Kxc4 
Kb6 41.g4 Kc6 42.Kd4 Kb5 43.Kc3 Kb6 44.Kc4 Kc6 45.Kd4 Kb5 46.Kc3 a5 47.
bxa5 Kxa5 48.Kc4 Kb6 49.Kb4 Kc6 50.Kc4 Kb6 1/2-1/2

[Event "55th World U20 ch"]
[Site "Bhubaneswar IND"]
[Date "2016.08.14"]
[Round "7.19"]
[White "Basso, Pierluigi"]
[Black "Krishna Teja, N."]
[Result "1-0"]
[WhiteElo "2455"]
[BlackElo "2282"]
[EventDate "2016.08.08"]
[PlyCount "103"]

1.d4 Nf6 2.c4 e6 3.Nc3 Bb4 4.Qc2 O-O 5.Nf3 c5 6.dxc5 Na6 7.g3 Nxc5 8.Bg2 
Nce4 9.O-O Nxc3 10.bxc3 Be7 11.e4 d6 12.e5 dxe5 13.Nxe5 Qc7 14.Qe2 Nd7 15.
Bf4 Nxe5 16.Bxe5 Bd6 17.Rfe1 Bxe5 18.Qxe5 Qxc4 19.Red1 a5 20.a3 a4 21.Rab1
Qa2 22.Rb4 Qxa3 23.Qe1 Ra5 24.Ra1 Re5 25.Be4 Rxe4 26.Rxe4 Qc5 27.Rexa4 Bd7
28.Ra5 Qc4 29.Ra8 Bc6 30.Qe5 Qd5 31.Qxd5 Bxd5 32.f4 h6 33.Kf2 g5 34.Ke3 
Rxa8 35.Rxa8+ Kg7 36.Kd4 gxf4 37.gxf4 Kg6 38.c4 Bf3 39.Ke5 Be2 40.c5 Kg7 
41.Ra3 Bc4 42.Rg3+ Kf8 43.Kf6 Ke8 44.Rh3 Kd7 45.Rxh6 Kc6 46.Rh5 Bd5 47.Re5
Kxc5 48.h4 b5 49.h5 b4 50.h6 b3 51.h7 b2 52.Re1 1-0

[Event "55th World U20 ch"]
[Site "Bhubaneswar IND"]
[Date "2016.08.14"]
[Round "7.20"]
[White "Pirverdiev, Agil"]
[Black "Fan Huifeng"]
[Result "0-1"]
[WhiteElo "2364"]
[BlackElo "2223"]
[EventDate "2016.08.08"]
[PlyCount "112"]

1.e4 e5 2.Nf3 Nf6 3.Nc3 Nc6 4.Bb5 Nd4 5.Ba4 c6 6.d3 d6 7.h3 Be7 8.O-O b5 
9.Bb3 a5 10.a4 Nxb3 11.cxb3 b4 12.Ne2 O-O 13.d4 Nxe4 14.dxe5 d5 15.Nfd4 
Ra6 16.f3 Nc5 17.Qc2 Qc7 18.Bf4 Ne6 19.Bg3 g6 20.Kh1 Bd7 21.Rad1 Raa8 22.
f4 Ng7 23.Nf3 Bf5 24.Qc1 Qd7 25.Ned4 c5 26.Nxf5 Nxf5 27.Bf2 h5 28.Qd2 Rfd8
29.Qe2 Ng7 30.Rd2 Qf5 31.Bh4 Qe6 32.Ng5 Qc6 33.g4 d4+ 34.Kg1 f5 35.exf6 
Bxf6 36.Qd3 Bxg5 37.Bxg5 Rd5 38.f5 gxf5 39.gxf5 Rf8 40.Rg2 Rdxf5 41.Re1 
Kh8 42.Qd2 Kh7 43.Qd3 Qf3 44.Qd2 Qxh3 45.Bh6 R8f7 46.Bg5 Ne6 47.Bh6 R7f6 
48.Qc1 d3 49.Be3 Rg6 50.Qd2 Rff6 51.Bg5 Nd4 52.Re7+ Kg8 53.Re8+ Kf7 54.
Re7+ Kxe7 55.Bxf6+ Kxf6 56.Qf4+ Nf5 0-1

[Event "55th World U20 ch"]
[Site "Bhubaneswar IND"]
[Date "2016.08.14"]
[Round "7.21"]
[White "Tran Minh Thang"]
[Black "Chakravarthi Reddy, M."]
[Result "1/2-1/2"]
[WhiteElo "2353"]
[BlackElo "2228"]
[EventDate "2016.08.08"]
[PlyCount "88"]

1.d4 c5 2.d5 e5 3.c4 d6 4.Nc3 g6 5.e4 Bg7 6.Bd3 Ne7 7.Nge2 O-O 8.O-O f5 9.
f4 Nd7 10.exf5 Nxf5 11.Bxf5 gxf5 12.Ng3 e4 13.Rb1 Bd4+ 14.Kh1 Bxc3 15.bxc3
Qh4 16.Qe1 Nb6 17.Qe2 Rf6 18.Re1 Bd7 19.Be3 Kh8 20.Bf2 Qh6 21.Rf1 Rg8 22.
Kg1 Rf7 23.Be1 Qg6 24.Rf2 Qg4 25.Nf1 Qxe2 26.Rxe2 Nxc4 27.Rxb7 Be6 28.Rxf7
Bxf7 29.Ne3 Nxe3 30.Rxe3 c4 31.Bh4 Rb8 32.Rg3 Bg6 33.Be7 Kg8 34.h4 Rb1+ 
35.Kh2 Kf7 36.Bxd6 Rd1 37.Bc5 Rxd5 38.Bxa7 Ra5 39.Bd4 Rxa2 40.Rg5 h6 41.
Rg3 Rd2 42.Kg1 Rc2 43.Kf1 Rd2 44.Ke1 Rd3 1/2-1/2

[Event "55th World U20 ch"]
[Site "Bhubaneswar IND"]
[Date "2016.08.14"]
[Round "7.22"]
[White "Sammed Jaykumar, Shete"]
[Black "Rajdeep, Sarkar"]
[Result "0-1"]
[WhiteElo "2253"]
[BlackElo "2351"]
[EventDate "2016.08.08"]
[PlyCount "102"]

1.e4 e5 2.Nf3 Nc6 3.Bb5 a6 4.Ba4 Nf6 5.d3 b5 6.Bb3 Be7 7.O-O d6 8.c3 O-O 
9.Nbd2 Na5 10.Bc2 c5 11.Re1 Nc6 12.Nf1 h6 13.h3 Re8 14.a4 b4 15.Ne3 Bf8 
16.Nd2 Be6 17.Ndc4 a5 18.Qf3 Ne7 19.Bd2 Rb8 20.Rad1 Qc7 21.Rc1 Ra8 22.Bd1 
Ng6 23.Qg3 Qc6 24.Nf5 Red8 25.Bf3 Bxc4 26.dxc4 Qxa4 27.h4 Kh7 28.Qh3 bxc3 
29.Rxc3 Rab8 30.Bd1 Qd7 31.b3 Nf4 32.Bxf4 exf4 33.Rf3 g6 34.Bc2 Qe6 35.
Rxf4 Nh5 36.Rf3 gxf5 37.Rxf5 Ng7 38.e5 Kg8 39.Qg3 Qg6 40.Qf3 Nxf5 41.Bxf5 
Qg7 42.e6 Re8 43.Re4 Kh8 44.Rg4 Qa1+ 45.Kh2 Rxe6 46.Bc2 Qe5+ 47.g3 f5 48.
Bxf5 Rf6 49.Rf4 Bg7 50.g4 Rxf5 51.gxf5 Qxf4+ 0-1

[Event "55th World U20 ch"]
[Site "Bhubaneswar IND"]
[Date "2016.08.14"]
[Round "7.23"]
[White "Belous, Mikhail"]
[Black "Subhayan, Kundu"]
[Result "1-0"]
[WhiteElo "2343"]
[BlackElo "2189"]
[EventDate "2016.08.08"]
[PlyCount "85"]

1.d4 Nf6 2.c4 g6 3.Nc3 Bg7 4.e4 d6 5.f3 O-O 6.Be3 c5 7.d5 e6 8.Qd2 exd5 9.
cxd5 a6 10.a4 Nbd7 11.Nh3 Ne5 12.Nf2 Bd7 13.Be2 b5 14.O-O Re8 15.Bg5 Qb6 
16.Ncd1 bxa4 17.Bxf6 Bxf6 18.f4 Rab8 19.Kh1 a5 20.fxe5 Bxe5 21.Ng4 Bxg4 
22.Bxg4 Qb5 23.Be2 Qb4 24.Qc2 Bxb2 25.Rxa4 Qb6 26.Nxb2 Qxb2 27.Qxb2 Rxb2 
28.Bf3 Ra8 29.Kg1 Rb4 30.Rfa1 Rxa4 31.Rxa4 Kg7 32.Kf2 Kf6 33.Ke3 Ke5 34.
Kd3 g5 35.Kc4 Kf4 36.Kb5 g4 37.e5+ Kxe5 38.Re4+ Kf5 39.Rxg4 h6 40.Ra4 Rb8+
41.Kc6 Ke5 42.Re4+ Kf6 43.Kxd6 1-0

[Event "55th World U20 ch"]
[Site "Bhubaneswar IND"]
[Date "2016.08.14"]
[Round "7.24"]
[White "Gajwa, Ankit"]
[Black "Gheorghiu, Calin"]
[Result "0-1"]
[WhiteElo "2282"]
[BlackElo "2343"]
[EventDate "2016.08.08"]
[PlyCount "104"]

1.e4 e6 2.d4 d5 3.Nc3 Nf6 4.e5 Nfd7 5.f4 c5 6.Nf3 Be7 7.Be3 b6 8.Qd2 O-O 
9.Nd1 a5 10.c3 a4 11.Be2 Ba6 12.Bxa6 Rxa6 13.f5 exf5 14.O-O b5 15.Qd3 g6 
16.Qxb5 Qb6 17.Qxb6 Rxb6 18.c4 dxc4 19.d5 Na6 20.Rc1 Nb4 21.d6 Bd8 22.Rxc4
Re8 23.Nc3 Ra6 24.a3 Nd3 25.Rxa4 Rc6 26.Ra7 N7xe5 27.d7 Re7 28.Bg5 f6 29.
Nd5 Rxd7 30.Nxe5 Nxe5 31.Rxd7 Nxd7 32.Bf4 g5 33.Be3 f4 34.Bf2 Kf7 35.Re1 
Ne5 36.Rd1 Bc7 37.b4 cxb4 38.axb4 Rd6 39.b5 Nc4 40.Rd4 Ne3 41.Bxe3 fxe3 
42.Kf1 Bb6 43.Rd1 Ke6 44.Nc3 Rxd1+ 45.Nxd1 f5 46.Ke2 f4 47.g3 Bd4 48.gxf4 
gxf4 49.Kf3 Kd5 50.b6 Kc6 51.Ke2 Kxb6 52.Kd3 Kc5 0-1

[Event "55th World U20 ch"]
[Site "Bhubaneswar IND"]
[Date "2016.08.14"]
[Round "7.25"]
[White "Viennot, Dylan"]
[Black "Papakonstantinou, Dimitrios"]
[Result "0-1"]
[WhiteElo "2342"]
[BlackElo "2180"]
[EventDate "2016.08.08"]
[PlyCount "82"]

1.e4 d6 2.Nf3 Nf6 3.Nc3 Bg4 4.h3 Bh5 5.Bc4 c6 6.Qe2 b5 7.Bb3 e5 8.d3 Nbd7 
9.g4 Bg6 10.h4 h5 11.g5 Nh7 12.Be3 Be7 13.Ng1 a5 14.a4 b4 15.Nb1 Qc7 16.
Nd2 f5 17.gxf6 gxf6 18.Nh3 O-O-O 19.Rg1 Nhf8 20.Qf3 Nb6 21.Rxg6 Nxg6 22.
Qf5+ Kb7 23.Qxg6 d5 24.Bxb6 Kxb6 25.exd5 cxd5 26.O-O-O Qd7 27.Ng1 Qe6 28.
d4 e4 29.Ne2 Qg4 30.Qxg4 hxg4 31.Nf4 Kc6 32.Nf1 f5 33.Ne3 Bxh4 34.Bxd5+ 
Kb6 35.Be6 Bxf2 36.Nxf5 g3 37.d5 Rh2 38.d6 g2 39.Ne2 Rh1 40.d7 Kc7 41.Ng7 
Be3+ 0-1

[Event "55th World U20 ch"]
[Site "Bhubaneswar IND"]
[Date "2016.08.14"]
[Round "7.26"]
[White "Gandhi, Anish"]
[Black "Arjun, Kalyan"]
[Result "0-1"]
[WhiteElo "2156"]
[BlackElo "2292"]
[EventDate "2016.08.08"]
[PlyCount "60"]

1.e4 e5 2.Nf3 Nc6 3.Bb5 a6 4.Ba4 Nge7 5.c3 g6 6.d4 exd4 7.cxd4 Bg7 8.O-O 
b5 9.Bc2 O-O 10.d5 Na5 11.Bd2 c5 12.Bc3 d6 13.h3 f6 14.a3 Nc4 15.Nfd2 Nb6 
16.f4 a5 17.b3 b4 18.Bb2 Ba6 19.Rf2 f5 20.Bxg7 Kxg7 21.axb4 axb4 22.Nf3 h6
23.Nh4 Nexd5 24.Nxf5+ gxf5 25.exd5 Qf6 26.Ra2 Be2 27.Rxe2 Rxa2 28.Kh1 Qh4 
29.Re6 Qxf4 30.Qh5 Rxc2 0-1

[Event "55th World U20 ch"]
[Site "Bhubaneswar IND"]
[Date "2016.08.14"]
[Round "7.27"]
[White "Ranjan Sahoo, Utkal"]
[Black "Rakesh, Kumar Jena"]
[Result "1/2-1/2"]
[WhiteElo "2266"]
[BlackElo "2161"]
[EventDate "2016.08.08"]
[PlyCount "51"]

1.d4 d5 2.c4 c6 3.Nc3 Nf6 4.cxd5 cxd5 5.Nf3 a6 6.Bf4 Nc6 7.e3 Bf5 8.Bd3 
Bxd3 9.Qxd3 e6 10.Ne5 Nxe5 11.Bxe5 Bd6 12.Bxd6 Qxd6 13.h3 O-O 14.O-O Rac8 
15.Rac1 h6 16.Rc2 Rc6 17.Rfc1 Rfc8 18.Ne2 Rxc2 19.Rxc2 Rxc2 20.Qxc2 Qb4 
21.Qc8+ Kh7 22.Qc2+ Kg8 23.Qc8+ Kh7 24.Qc2+ Kg8 25.Qc8+ Kh7 26.Qc2+ 
1/2-1/2

[Event "55th World U20 ch"]
[Site "Bhubaneswar IND"]
[Date "2016.08.14"]
[Round "7.28"]
[White "Barath Kalyan, M."]
[Black "Martins, David Pires Tavares"]
[Result "1/2-1/2"]
[WhiteElo "2197"]
[BlackElo "2402"]
[EventDate "2016.08.08"]
[PlyCount "166"]

1.d4 d6 2.Nf3 f5 3.e3 Nf6 4.Bd3 g6 5.b3 Bg7 6.Bb2 O-O 7.Nbd2 Nc6 8.O-O e5 
9.dxe5 Ng4 10.Nc4 d5 11.h3 Nh6 12.Ncd2 Nf7 13.c4 Ncxe5 14.Nxe5 Nxe5 15.Be2
Be6 16.Qc2 f4 17.cxd5 Bxh3 18.exf4 Bxg2 19.Kxg2 Rxf4 20.Ne4 Qd7 21.f3 Raf8
22.Rac1 Qf5 23.Rf2 Nxf3 24.Bxf3 Bxb2 25.Ng3 Qf6 26.Qxb2 Qxb2 27.Rxb2 Rxf3 
28.Rxc7 h5 29.Rc4 Rd3 30.Re2 Rxd5 31.Rc7 Rf7 32.Ree7 Rd2+ 33.Kh3 Rxe7 34.
Rxe7 Rxa2 35.Rxb7 a5 36.Ne4 Kf8 37.Nc5 Ke8 38.Kg3 g5 39.Rg7 Ra3 40.Kf2 
Ra2+ 41.Kf3 g4+ 42.Kf4 h4 43.Rxg4 h3 44.Rh4 h2 45.Rh3 Rc2 46.Na4 Kf7 47.
Kg3 Rd2 48.Nc5 Rc2 49.Ne4 Ke6 50.Rh5 Kd7 51.Kf4 Kc6 52.Ke3 Rb2 53.Nd2 a4 
54.bxa4 Ra2 55.Rh6+ Kc7 56.Rh7+ Kc6 57.Rxh2 Rxa4 58.Kd3 Kd5 59.Rh5+ Ke6 
60.Nf3 Rg4 61.Nd4+ Kd6 62.Kc4 Rg8 63.Rd5+ Ke7 64.Re5+ Kd6 65.Re6+ Kd7 66.
Rh6 Rg5 67.Nf3 Rf5 68.Nd4 Rg5 69.Ne6 Re5 70.Nc5+ Ke7 71.Kb5 Rf5 72.Kc4 Rf6
73.Rh7+ Rf7 74.Rh4 Rf5 75.Kd4 Kd6 76.Ne4+ Ke7 77.Rh7+ Rf7 78.Rh5 Rf1 79.
Ke5 Kd7 80.Rh6 Re1 81.Kd5 Rd1+ 82.Ke5 Re1 83.Kd5 Rd1+ 1/2-1/2

[Event "55th World U20 ch"]
[Site "Bhubaneswar IND"]
[Date "2016.08.14"]
[Round "7.29"]
[White "Ritviz Bhiva, Parab"]
[Black "Shailesh, Dravid"]
[Result "0-1"]
[WhiteElo "2259"]
[BlackElo "2224"]
[EventDate "2016.08.08"]
[PlyCount "128"]

1.e4 c5 2.Nc3 Nc6 3.Bb5 Nd4 4.Bc4 g6 5.Nf3 Bg7 6.Nxd4 cxd4 7.Ne2 e6 8.c3 
dxc3 9.dxc3 Ne7 10.Be3 Qc7 11.Bb3 O-O 12.O-O b6 13.Nd4 Bb7 14.Re1 d5 15.
exd5 Nxd5 16.Nb5 Qe7 17.Bxd5 Bxd5 18.Qc2 Rac8 19.f3 a6 20.Nd4 Qh4 21.Qf2 
Qxf2+ 22.Bxf2 e5 23.Nb3 Rc6 24.Rad1 Bc4 25.Nd2 Be6 26.a3 f6 27.Ne4 Kf7 28.
Rd3 Ke7 29.Red1 h6 30.Rd6 Rxd6 31.Rxd6 f5 32.Rxb6 fxe4 33.Bc5+ Kf7 34.Bxf8
Bxf8 35.Rb7+ Kf6 36.fxe4 Bc5+ 37.Kh1 Be3 38.b3 Kg5 39.Re7 Bxb3 40.Rxe5+ 
Kf4 41.Re8 Bc1 42.e5 Kf5 43.c4 Bxa3 44.e6 Kf6 45.c5 Ba4 46.Ra8 Bb5 47.c6 
Bd6 48.Ra7 Kxe6 49.Rg7 Bxc6 50.Rxg6+ Kd7 51.Rxh6 a5 52.Rh7+ Be7 53.Rh5 a4 
54.Ra5 a3 55.h4 Be4 56.h5 Bb1 57.h6 a2 58.Ra7+ Ke8 59.h7 Bf6 60.Ra8+ Kf7 
61.Ra7+ Kg6 62.Ra6 Kxh7 63.Rxf6 a1=Q 64.Rf1 Kg6 0-1